[Event "Arco op 40th"]
[Site "Arco"]
[Date "2018.10.21"]
[Round "9"]
[White "Papa, Angelo"]
[Black "La Franca, Vincenzo"]
[Result "1/2-1/2"]
[WhiteElo "1642"]
[BlackElo "1533"]
[PlyCount "49"]
[EventDate "2018.10.13"]
[EventType "swiss"]
[EventRounds "9"]
[EventCountry "ITA"]
[SourceTitle "CBM 186 Extra"]
[Source "ChessBase"]
[SourceDate "2018.08.24"]
[SourceVersion "1"]
[SourceVersionDate "2018.08.24"]
[SourceQuality "1"]

1. d4 d5 2. c4 e6 3. cxd5 exd5 4. Nc3 c6 5. Nf3 Nf6 6. Bg5 Be7 7. e3 Bf5 8. Bd3 Bxd3 9. Qxd3 Nbd7 10. 0-0 0-0 11. Rab1 a5 12. a3 a4 13. Rfe1 Re8 14. Na2 Ne4 15. Bxe7 Qxe7 16. Nd2 Ndf6 17. Nxe4 Nxe4 18. Nb4 Qh4 19. Re2 Re6 20. Qc2 Rh6 21. h3 Ng5 22. Qf5 Rg6 23. Kf1 Qe4 24. Qxe4 Nxe4 25. Nd3 1/2-1/2

[Event "Arco op 40th"]
[Site "Arco"]
[Date "2018.10.18"]
[Round "6"]
[White "La Franca, Vincenzo"]
[Black "Back, Andreas"]
[Result "1/2-1/2"]
[WhiteElo "1533"]
[BlackElo "1568"]
[PlyCount "42"]
[EventDate "2018.10.13"]
[EventType "swiss"]
[EventRounds "9"]
[EventCountry "ITA"]
[SourceTitle "CBM 186 Extra"]
[Source "ChessBase"]
[SourceDate "2018.08.24"]
[SourceVersion "1"]
[SourceVersionDate "2018.08.24"]
[SourceQuality "1"]

1. b3 e5 2. Bb2 Nc6 3. g3 Bc5 4. e3 d6 5. Bg2 Nf6 6. Ne2 Bf5 7. h3 Rb8 8. a3 a6 9. d3 h6 10. Nd2 Qd7 11. e4 Be6 12. b4 Ba7 13. c4 0-0 14. Rc1 Qe7 15. 0-0 Qd7 16. Kh2 Qe7 17. Nc3 Bd4 18. Nb3 Bxc3 19. Bxc3 b6 20. f4 Bd7 21. f5 Rfe8 1/2-1/2

[Event "World Amateur-ch U1700"]
[Site "Cagliari"]
[Date "2018.04.23"]
[Round "2"]
[White "La Franca, Vincenzo"]
[Black "Manca, Luigi"]
[Result "0-1"]
[WhiteElo "1510"]
[BlackElo "1679"]
[PlyCount "66"]
[EventDate "2018.04.22"]
[EventType "swiss"]
[EventRounds "9"]
[EventCountry "ITA"]
[SourceTitle "CBM 184 Extra"]
[Source "ChessBase"]
[SourceDate "2018.06.28"]
[SourceVersion "1"]
[SourceVersionDate "2018.06.28"]
[SourceQuality "1"]

1. b3 e5 2. Bb2 Nc6 3. e3 a6 4. g3 Nf6 5. Bg2 d6 6. Ne2 Bf5 7. d3 Be7 8. Nd2 Qd7 9. h3 h5 10. e4 Be6 11. f4 g6 12. Nf3 exf4 13. Nxf4 d5 14. Nxe6 fxe6 15. Qe2 Rg8 16. 0-0-0 0-0-0 17. Ne5 Nxe5 18. Bxe5 d4 19. Qf3 Rgf8 20. Bxf6 Rxf6 21. Qe2 Ba3+ 22. Kb1 Qc6 23. c4 dxc3 24. e5 c2+ 25. Qxc2 Qxc2+ 26. Kxc2 Rf2+ 27. Rd2 Rdf8 28. Rhd1 Bb4 29. Be4 Bxd2 30. Rxd2 g5 31. Kc3 Rxd2 32. Kxd2 Rf2+ 33. Kc3 Rh2 0-1

[Event "Nicolosi Etna op 1st"]
[Site "Nicolosi"]
[Date "2014.12.06"]
[Round "2"]
[White "Gigante, Giovanni"]
[Black "La Franca, Vincenzo"]
[Result "1-0"]
[WhiteElo "1801"]
[BlackElo "1591"]
[PlyCount "159"]
[EventDate "2014.12.05"]
[EventType "swiss"]
[EventRounds "7"]
[EventCountry "ITA"]
[SourceTitle "CBM 163 Extra"]
[Source "ChessBase"]
[SourceDate "2014.12.23"]
[SourceVersion "1"]
[SourceVersionDate "2014.12.23"]
[SourceQuality "1"]

1. Nf3 e6 2. c4 c5 3. e3 Nc6 4. Be2 g6 5. a3 Bg7 6. 0-0 Nge7 7. d3 d5 8. cxd5 Nxd5 9. Nbd2 Nf6 10. Qc2 Qe7 11. Nb3 Nd7 12. Rd1 Nce5 13. Bd2 b6 14. Bc3 Bb7 15. Nxe5 Nxe5 16. f4 0-0 17. Bxe5 Bxe5 18. fxe5 Qg5 19. Bf1 Qxe3+ 20. Qf2 Qxe5 21. d4 Qd5 22. Qc2 cxd4 23. Rxd4 Rac8 24. Rxd5 Rxc2 25. Rd2 Rfc8 26. Rad1 Bd5 27. Nd4 Rxd2 28. Rxd2 Rc1 29. Kf2 Kg7 30. Ba6 Rh1 31. h3 h5 32. Nb5 Bc4 33. Ke3 Re1+ 34. Kd4 Re2 35. Rxe2 Bxe2 36. Nc7 Bxa6 37. Nxa6 Kf6 38. b4 Kf5 39. g3 g5 40. b5 h4 41. gxh4 gxh4 42. Nb4 Kf4 43. Nc6 Kg3 44. Ke3 Kxh3 45. Kf3 f6 46. Nd4 e5 47. Nf5 e4+ 48. Kf4 e3 49. Nxe3 Kh2 50. Ng4+ Kg2 51. Nxf6 Kf2 52. a4 Ke2 53. Ke4 Kf2 54. Ng4+ Kg3 55. Ne5 Kf2 56. Nd3+ Ke2 57. Nf4+ Kf2 58. Nh3+ Ke2 59. Ng5 Kd2 60. Nf3+ Kc3 61. Ne5 Kb4 62. Nc6+ Kxa4 63. Nxa7 Kb4 64. Kf3 Kc5 65. Kg4 h3 66. Kxh3 Kd4 67. Kg4 Ke4 68. Kh5 Kd5 69. Kh4 Kd4 70. Kh5 Kd5 71. Kg6 Ke6 72. Kg7 Ke7 73. Nc6+ Ke6 74. Kf8 Kd7 75. Kf7 Kc7 76. Ke7 Kb7 77. Kd7 Ka8 78. Nd8 Kb8 79. Kc6 Ka7 80. Nb7 1-0

[Event "Nicolosi Etna op 1st"]
[Site "Nicolosi"]
[Date "2014.12.05"]
[Round "1"]
[White "La Franca, Vincenzo"]
[Black "Guccione, Cristoforo"]
[Result "0-1"]
[WhiteElo "1591"]
[BlackElo "1983"]
[PlyCount "106"]
[EventDate "2014.12.05"]
[EventType "swiss"]
[EventRounds "7"]
[EventCountry "ITA"]
[SourceTitle "CBM 163 Extra"]
[Source "ChessBase"]
[SourceDate "2014.12.23"]
[SourceVersion "1"]
[SourceVersionDate "2014.12.23"]
[SourceQuality "1"]

1. d4 f5 2. Bg5 h6 3. Bh4 g5 4. e4 Nf6 5. e5 e6 6. Bg3 f4 7. Bd3 Rg8 8. exf6 Qxf6 9. Qh5+ Kd8 10. Nf3 fxg3 11. hxg3 Nc6 12. c3 d6 13. Nbd2 Bd7 14. 0-0-0 a5 15. Ne4 Qg7 16. g4 a4 17. a3 Na5 18. Bc2 Be8 19. Qh2 Bg6 20. Nfd2 Nb3+ 21. Nxb3 axb3 22. Bd3 d5 23. Nc5 Bxc5 24. dxc5 Rxa3 25. Qxh6 Ra1+ 26. Kd2 Rxd1+ 27. Kxd1 Qxh6 28. Rxh6 Bxd3 29. Rxe6 Kd7 30. Re3 Bc2+ 31. Kd2 Kc6 32. Re7 Ra8 33. g3 Ra2 34. Kc1 Ra1+ 35. Kd2 Rb1 36. c4 Rxb2 37. cxd5+ Kxc5 38. Kc3 Rb1 39. Rxc7+ Kxd5 40. Rxb7 Rf1 41. Rf7 Re1 42. Rb7 Kc5 43. Ra7 Re5 44. Rf7 Re2 45. Rf6 Re7 46. Rf8 Rb7 47. Kb2 Kb4 48. f4 Bd3 49. f5 Re7 50. Rb8+ Bb5 51. f6 Re2+ 52. Kb1 Kc3 53. Rc8+ Bc4 0-1

[Event "Terre degli Elimi op 4th"]
[Site "Erice"]
[Date "2013.07.27"]
[Round "5"]
[White "Iannello, Antonio"]
[Black "La Franca, Vincenzo"]
[Result "1-0"]
[WhiteElo "1852"]
[BlackElo "1656"]
[PlyCount "59"]
[EventDate "2013.07.24"]
[EventType "swiss"]
[EventRounds "7"]
[EventCountry "ITA"]
[SourceTitle "EXT 2015"]
[Source "ChessBase"]
[SourceDate "2014.11.20"]
[SourceVersion "1"]
[SourceVersionDate "2014.11.20"]
[SourceQuality "1"]

1. e4 e6 2. d4 d5 3. Nd2 Nf6 4. e5 Nfd7 5. Bd3 c5 6. c3 Nc6 7. Ne2 Be7 8. 0-0 0-0 9. f4 cxd4 10. cxd4 f6 11. Nf3 fxe5 12. fxe5 Qb6 13. Kh1 Rf7 14. Qc2 Nf8 15. a3 Bd7 16. Bg5 Rc8 17. Qd2 Qd8 18. Bxe7 Nxe7 19. Ng5 Rxf1+ 20. Rxf1 Neg6 21. Nf7 Qh4 22. Nd6 Rb8 23. Qe3 Qh6 24. Qf3 Nh8 25. Nf7 Qd2 26. Nxh8 g6 27. Nf7 Be8 28. Nd6 Nd7 29. Nxe8 Kh8 30. Qf8+ 1-0

[Event "Terre degli Elimi op 4th"]
[Site "Erice"]
[Date "2013.07.25"]
[Round "3"]
[White "Merendino, Elda"]
[Black "La Franca, Vincenzo"]
[Result "0-1"]
[WhiteElo "1538"]
[BlackElo "1656"]
[PlyCount "81"]
[EventDate "2013.07.24"]
[EventType "swiss"]
[EventRounds "7"]
[EventCountry "ITA"]
[SourceTitle "EXT 2015"]
[Source "ChessBase"]
[SourceDate "2014.11.20"]
[SourceVersion "1"]
[SourceVersionDate "2014.11.20"]
[SourceQuality "1"]

1. d4 d5 2. Nf3 c6 3. e3 Nf6 4. Bd3 Bg4 5. 0-0 Nbd7 6. b3 e5 7. dxe5 Nxe5 8. Nbd2 Nxd3 9. cxd3 Bd6 10. Bb2 0-0 11. Qc2 a5 12. Rae1 Bb4 13. Ne5 Bf5 14. f4 Ng4 15. Nef3 Re8 16. Bd4 Rc8 17. e4 c5 18. Bb2 dxe4 19. dxe4 Bd7 20. Re2 Bxd2 21. Rxd2 Ne3 22. Qc3 f6 23. Qxe3 Qc7 24. Rfd1 Bg4 25. h3 Bh5 26. Rd7 Qc6 27. e5 Rc7 28. R1d6 Qxd7 29. Rxd7 Rxd7 30. Qc1 b6 31. exf6 Red8 32. Kh2 Bxf3 33. gxf3 Rd2+ 34. Kg3 gxf6 35. Bxf6 R8d6 36. Qc4+ Kf8 37. Qc3 R2d5 38. Bg5 Kg8 39. Qe3 Rf5 40. Qe8+ Rf8 41. f5 0-1

[Event "Amantea op-B 9th"]
[Site "Amantea"]
[Date "2011.09.11"]
[Round "8"]
[White "La Franca, Vincenzo"]
[Black "Andreani, Carlo"]
[Result "1-0"]
[WhiteElo "1640"]
[BlackElo "1386"]
[PlyCount "71"]
[EventDate "2011.09.04"]
[EventType "swiss"]
[EventRounds "8"]
[EventCountry "ITA"]
[SourceTitle "EXT 2014"]
[Source "ChessBase"]
[SourceDate "2013.11.20"]
[SourceVersion "1"]
[SourceVersionDate "2013.11.20"]
[SourceQuality "1"]

1. Nf3 Nc6 2. d4 d5 3. e3 Bg4 4. Nbd2 e6 5. a3 a6 6. Be2 Bd6 7. b3 Nf6 8. Bb2 Qe7 9. 0-0 0-0-0 10. Ne5 Bxe2 11. Qxe2 Qe8 12. f4 h5 13. Ndf3 Ne4 14. Ng5 Nxg5 15. Nxc6 Nh3+ 16. gxh3 Qxc6 17. Rac1 Qe8 18. c4 f5 19. Qg2 Rg8 20. Kf2 c6 21. cxd5 exd5 22. Qxd5 Bxf4 23. Qxf5+ Qd7 24. Qxd7+ Rxd7 25. exf4 Rf7 26. Kg3 h4+ 27. Kg4 Re7 28. Rce1 Rc7 29. Re4 Kd8 30. Rfe1 c5 31. dxc5 Rxc5 32. Rd1+ Kc8 33. Rc1 Rxc1 34. Bxc1 Rh8 35. Bb2 Rh7 36. Re7 1-0

[Event "Amantea op-B 9th"]
[Site "Amantea"]
[Date "2011.09.08"]
[Round "5"]
[White "Olivo, Paolo"]
[Black "La Franca, Vincenzo"]
[Result "1-0"]
[WhiteElo "1815"]
[BlackElo "1640"]
[PlyCount "89"]
[EventDate "2011.09.04"]
[EventType "swiss"]
[EventRounds "8"]
[EventCountry "ITA"]
[SourceTitle "EXT 2014"]
[Source "ChessBase"]
[SourceDate "2013.11.20"]
[SourceVersion "1"]
[SourceVersionDate "2013.11.20"]
[SourceQuality "1"]

1. d4 d5 2. c4 e6 3. Nc3 f5 4. Nf3 c6 5. Bf4 Be7 6. e3 Nf6 7. Bd3 0-0 8. 0-0 Ne4 9. cxd5 exd5 10. Qb3 Kh8 11. Qc2 Nd7 12. Ne5 Nxe5 13. Bxe5 Bd6 14. Bxd6 Qxd6 15. f3 Nxc3 16. bxc3 Qe7 17. e4 fxe4 18. fxe4 Rxf1+ 19. Rxf1 dxe4 20. Bxe4 g6 21. c4 Bd7 22. Qd3 Re8 23. Bf3 Bf5 24. Qc3 Qe3+ 25. Qxe3 Rxe3 26. Rd1 Rd3 27. Rxd3 Bxd3 28. c5 Bc4 29. a4 a5 30. Bd1 Kg7 31. Kf2 Kf6 32. h4 h6 33. g4 Ke6 34. Kf3 Kf6 35. Ke3 g5 36. h5 Ke6 37. Bc2 Kf6 38. Bf5 Be6 39. Bxe6 Kxe6 40. Ke4 Kf6 41. d5 cxd5+ 42. Kxd5 Ke7 43. Ke5 Kf7 44. Kd6 Kf6 45. Kc7 1-0

[Event "Amantea op-B 9th"]
[Site "Amantea"]
[Date "2011.09.07"]
[Round "4"]
[White "La Franca, Vincenzo"]
[Black "Pelyushenko, Vladyslav"]
[Result "1/2-1/2"]
[WhiteElo "1640"]
[BlackElo "1812"]
[PlyCount "99"]
[EventDate "2011.09.04"]
[EventType "swiss"]
[EventRounds "8"]
[EventCountry "ITA"]
[SourceTitle "EXT 2014"]
[Source "ChessBase"]
[SourceDate "2013.11.20"]
[SourceVersion "1"]
[SourceVersionDate "2013.11.20"]
[SourceQuality "1"]

1. Nf3 Nf6 2. c4 g6 3. b3 Bg7 4. Bb2 d6 5. d3 e5 6. Nbd2 Nc6 7. g3 Bd7 8. Bg2 0-0 9. 0-0 Qc8 10. a3 Bh3 11. Rc1 Bxg2 12. Kxg2 Nh5 13. e3 f5 14. h3 e4 15. Nd4 exd3 16. Nxc6 bxc6 17. Bxg7 Kxg7 18. Nf3 Nf6 19. Qxd3 Qe8 20. Qd4 c5 21. Qf4 h6 22. Nd2 Nd7 23. Qf3 Ne5 24. Qd5 Qe7 25. Nf3 c6 26. Qd1 Rad8 27. Nxe5 Qxe5 28. Qc2 d5 29. Rfe1 Qe4+ 30. Qxe4 dxe4 31. Rc3 Rd2 32. Rec1 Rfd8 33. R1c2 R2d7 34. b4 cxb4 35. axb4 Rd1 36. Rc1 R1d2 37. Ra3 R8d7 38. Rca1 Kf6 39. Rxa7 R7d3 40. R7a3 Rb2 41. Rxd3 exd3 42. Rd1 Rxb4 43. Rxd3 Rxc4 44. Rd4 Rxd4 45. exd4 Ke6 46. Kf3 Kd5 47. Ke3 g5 48. Kd3 h5 49. Kc3 f4 50. Kd3 1/2-1/2